000 00720nam a2200217Ia 4500
005 20241216011157.0
008 190212s9999||||xx |||||||||||||| ||und||
082 _a657.48
_bC74
100 _aCONTADURIA PUBLICA DE LA NACION
245 0 _aCONTABILIDAD ANALITICA DE GESTION PARA LOS GOBIERNOS LOCALES
250 _a0
260 _aLIMA-PERU
_bLUREN S.A
_c1996
300 _a104 pag
_c20 cm
341 _h0
490 _v0
_a0
505 _aRESOLUCION DE CONTADURIA N║ 053-96-EF/93.07/DIRECTIVA N║ 145-96-EF/93.11.1/RESOLUCION DE CONTADURIA N║ 035-96-EF/93.01/DIRECTIVA N║ 044-96-EF/93.11.1
541 _d18-Jan-10
_oSoles
650 _aCIENCIAS APLICADAS
856 _zCiencias Aplicadas
942 _cLIBRO
999 _c34728
_d34728